Nennen Sie die besten Fluggesellschaften – Top 10 der besten Fluggesel - Statistiken

Allgemein
  • Dieses Quiz wurde 69 mal gespielt
  • Das Durchschnittsergebnis liegt bei 3 aus 10
Antwortstatistiken
Antwort % Korrekt
Lufthansa
89%
Emirates
67%
Qatar Airways
45%
Air France
41%
KLM
34%
Singapore Airlines
33%
Japan Airlines
19%
Qantas Airways
5%
ANA All Nippon Airways
2%
Hainan Airlines
0%
Keine übereinstimmenden Quizze gefunden
Verteilung der Resultate
Anzahl Personen mit jedem Resultat
Perzentil nach korrekt beantworteten Fragen
Ihre Resultats-Entwicklung
Sie haben dieses Quiz noch nicht gespielt